| 000 | 00569nam a22001697a 4500 | ||
|---|---|---|---|
| 999 |
_c60531 _d60531 |
||
| 005 | 20230814150414.0 | ||
| 008 | 230814s1959 enk||||| |||| 00| 0 eng d | ||
| 020 | _a9780876612057 | ||
| 041 | _aeng | ||
| 080 | _a902:903 R-67 | ||
| 100 |
_aRobinson, Henry S. _919672 |
||
| 245 |
_aPOTTERY OF THE ROMAN PERIOD : _bCHRONOLOGY. Volume V. / _cHenry S. Robinson. |
||
| 264 |
_aNew Jersey, _c1959. |
||
| 300 |
_a150 p. : _bill.; _c32 cm. |
||
| 653 | _aრომაული პერიოდის კერამიკა: ქრონოლოგია | ||
| 942 |
_2udc _cBK |
||